| 000 | 00734nam a2200253Ia 4500 | ||
|---|---|---|---|
| 003 | OSt | ||
| 005 | 20220918185031.0 | ||
| 006 | a|||||r|||| 00| 0 | ||
| 007 | ta | ||
| 008 | 220917b |||||||| |||| 00| 0 eng d | ||
| 024 | _a49,269 | ||
| 037 | _cTextual | ||
| 040 |
_aARTS _cARTS _beng |
||
| 041 |
_2eng _aeng |
||
| 082 | _aP:12, J5 (PD) | ||
| 100 |
_aScott Louise Binder _966839 |
||
| 245 | 0 | _aSpeech ways ; a guisance approach to oral communication in the middle grades | |
| 260 |
_aSt _bLouis Webster _c1955 |
||
| 300 |
_aviii,216p. _ccm. |
||
| 650 | _aLINGUISTICS | ||
| 700 |
_a Thompson J J _966840 |
||
| 942 |
_hP:12, J5 (PD) _cTEXL _2CC |
||
| 999 |
_c178895 _d178895 |
||